[Event "19th Bangkok Open 2019"]
[Site "Bangkok"]
[Date "2019.04.06"]
[Round "1.11"]
[White "Kunte, Abhijit"]
[Black "Morris, Byron"]
[Result "1-0"]
[WhiteElo "2485"]
[BlackElo "1799"]
[Annotator "TA"]
[PlyCount "35"]
[EventDate "2019.04.06"]
[EventType "swiss"]
[EventCountry "THA"]
[SourceTitle "playchess.com"]
[Source "ChessBase"]
[SourceQuality "1"]

{[%evp 17,35,2,-5,-12,0,0,0,0,24,18,28,14,108,93,341,360,409,372,556,539]} 1. d4 d5 2. c4 e6 3. Nf3 Nf6 4. g3 Bb4+ 5. Nbd2 {[%cal Bb1d2,Bd2f3,Bf3e5,Be5d7][%mdl 32]} O-O 6. Bg2 Nbd7 7. O-O b6 8. cxd5 exd5 9. Ne5 Bb7 10. Ndf3 {E16: Queen's Indian: 4 g3 Bb7 5 Bg2 Bb4+} Be7 11. Bf4 c5 12. Rc1 {The position is equal.} Ne4 13. Qa4 Nxe5 14. Nxe5 {[#]} f6 $146 (14... Qe8 $11 15. Qd7 Qxd7 16. Nxd7 Rfd8 17. dxc5 bxc5 18. Bxe4 Rxd7) ({Predecessor:} 14... Qe8 15. Qd7 Qxd7 {½-½ (15) Evdokimov,A (2564)-Alekseev,E (2700) Dagomys 2010}) 15. Nd7 $16 {[#] Strongly threatening Bxe4.} Re8 $2 (15... Qe8 $16 {was necessary.}) 16. Bxe4 $1 $18 dxe4 17. dxc5 bxc5 (17... Bxc5 {was called for.} 18. Rfd1 (18. Nxc5 bxc5 19. Rxc5 Re7 $16) 18... Bxf2+ 19. Kxf2 Qe7) 18. Qb3+ {[%mdl 64] Double Attack} 1-0

[Event "19th Bangkok Open 2019"]
[Site "Bangkok"]
[Date "2019.04.06"]
[Round "1.12"]
[White "Razali, Muhd Syukur"]
[Black "Lou, Yiping"]
[Result "0-1"]
[WhiteElo "1792"]
[BlackElo "2482"]
[Annotator "TA"]
[PlyCount "50"]
[EventDate "2019.04.06"]
[EventType "swiss"]
[EventCountry "THA"]
[SourceTitle "playchess.com"]
[Source "ChessBase"]
[SourceQuality "1"]

{[%evp 13,50,39,27,0,16,0,71,59,56,31,52,8,15,13,4,0,0,-12,-25,-19,-12,-45,0,-77,-85,-137,-122,-349,-335,-305,-299,-370,-355,-531,-554,-553,-537,-634,-534]} 1. e4 c5 2. Nf3 d6 3. d4 cxd4 4. Nxd4 Nf6 5. Nc3 a6 6. f3 e5 7. Nb3 Be6 {LiveBook: 1573 Games. B90: Sicilian Najdorf: Unusual White 6th moves, 6 Be3 Ng4 and 6 Be3 e5} 8. f4 (8. Be3 Nc6 9. Qe2 Rc8 10. O-O-O Na5 11. Qd2 b5 12. Kb1 Nc4 13. Bxc4 bxc4 14. Nc1 Rb8 15. N1e2 Qc8 16. Ka1 Qb7 {½-½ (31) Yu,Y (2761)-Grandelius,N (2694) Astana 2019}) 8... g6 $146 ({Predecessor:} 8... exf4 9. Bxf4 Nc6 10. Qe2 Rc8 11. h3 Nb4 12. O-O-O Nxa2+ 13. Nxa2 Bxb3 14. Nc3 Be6 15. e5 Nd7 16. exd6 Qa5 17. Qe3 g6 18. Nd5 Qa1+ 19. Kd2 Qa5+ 20. Kc1 Qa1+ {½-½ (20) Feletar,D (2333)-Poell,J (2377) ICCF email 2015}) 9. fxe5 Ng4 (9... dxe5 $11 10. Qxd8+ Kxd8) 10. Be2 $16 Nxe5 11. Be3 Nbd7 12. Nd4 Rc8 13. Nxe6 fxe6 14. O-O Rc6 15. Bg4 Qe7 16. h4 {Hoping for Bg5.} Bg7 17. Bh3 $1 Nf6 18. Qd2 (18. Ne2 $11) 18... Nc4 19. Qc1 (19. Qe1 $142) 19... Nh5 $17 20. Bg5 $2 {[#]} (20. Rb1 $17) 20... Bd4+ $19 21. Kh2 Qg7 22. Rf3 h6 23. Bd2 {[#]} (23. Be3 $142 Qe5+ 24. Kh1 Bxc3 25. bxc3 Ng3+ 26. Rxg3 Qxg3 {[%mdl 64] Double Attack} 27. Bg1) 23... g5 $1 {[%mdl 512] Black is clearly winning.} 24. Bg4 (24. hxg5 Nxd2) 24... Qe5+ 25. g3 Nf6 {Accuracy: White = 28%, Black = 89%.} 0-1

[Event "19th Bangkok Open 2019"]
[Site "Bangkok"]
[Date "2019.04.07"]
[Round "2.1"]
[White "Wiwatanadate, Poompong"]
[Black "Short, Nigel D"]
[Result "1/2-1/2"]
[WhiteElo "2025"]
[BlackElo "2636"]
[Annotator "RC"]
[PlyCount "98"]
[EventDate "2019.04.06"]
[EventType "swiss"]
[EventCountry "THA"]
[SourceTitle "playchess.com"]
[Source "ChessBase"]
[SourceQuality "1"]
[TimeControl "40/5400+30:1800+30"]

1. Nf3 {[%emt 0:00:00]} d5 {[%emt 0:00:00]} 2. g3 {[%emt 0:00:00]} Bg4 {[%emt 0:00:57]} 3. Bg2 {[%emt 0:00:00]} Nd7 {[%emt 0:00:08]} 4. c4 {[%emt 0:03:22]} e6 {[%emt 0:00:08]} 5. O-O {[%emt 0:00:33]} Ngf6 {[%emt 0:01:28]} 6. h3 {[%emt 0:01:03]} Bxf3 {[%emt 0:01:39]} 7. Bxf3 {[%emt 0:02:42]} Ne5 {[%emt 0:00:10]} 8. Qb3 {[%emt 0:00:34]} Nxf3+ {[%emt 0:18:12]} 9. Qxf3 {[%emt 0:02:57]} c6 {[%emt 0:00:52]} 10. cxd5 {[%emt 0:00:31]} Qxd5 {[%emt 0:00:55]} 11. Kg2 {[%emt 0:07:39]} Be7 {[%emt 0:07:08]} 12. Nc3 {[%emt 0:01:08]} Qd7 {[%emt 0:00:04]} 13. d3 {[%emt 0:02:15]} O-O {[%emt 0:00:11]} 14. Be3 {[%emt 0:01:18]} Rfd8 {[%emt 0:04:24]} 15. Rfc1 {[%emt 0:02:27]} c5 {[%emt 0:09:08]} 16. Ne4 {[%emt 0:06:18]} b6 {[%emt 0:02:54]} 17. a4 {[%emt 0:09:41]} Nd5 {[%emt 0:01:38]} 18. a5 {[%emt 0:04:14]} Rab8 {[%emt 0:00:56]} 19. axb6 {[%emt 0:04:44]} axb6 {[%emt 0:01:03]} 20. Nc3 {[%emt 0:00:10]} Nb4 {[%emt 0:02:33]} 21. Bf4 {[%emt 0:02:36]} Rb7 {[%emt 0:03:44]} 22. Nb5 {[%emt 0:04:32]} Nc6 {[%emt 0:08:12]} 23. Bd2 {[%emt 0:06:38]} f5 {[%emt 0:08:52]} 24. Bc3 {[%emt 0:10:01]} Bf6 {[%emt 0:00:33]} 25. Rab1 {[%emt 0:07:59]} Rbb8 {[%emt 0:01:46]} 26. Na3 {[%emt 0:02:39]} Rdc8 {[%emt 0:06:30]} 27. Nc4 {[%emt 0:01:47]} b5 {[%emt 0:00:53]} 28. Bxf6 {[%emt 0:02:21]} gxf6 {[%emt 0:01:35]} 29. Nd2 {[%emt 0:00:05]} Nd4 {[%emt 0:00:09]} 30. Qe3 {[%emt 0:00:22]} Qd5+ {[%emt 0:01:35]} 31. f3 {[%emt 0:00:44]} e5 {[%emt 0:01:23]} 32. Kf2 {[%emt 0:02:59]} Kg7 {[%emt 0:03:27]} 33. g4 {[%emt 0:01:08]} f4 {[%emt 0:04:42]} 34. Qe4 {[%emt 0:00:05]} Qd6 {[%emt 0:00:03]} 35. Ra1 {[%emt 0:02:20]} Rc7 {[%emt 0:00:04]} 36. Ra8 {[%emt 0:01:32]} Rxa8 {[%emt 0:06:04]} 37. Qxa8 {[%emt 0:00:10]} c4 {[%emt 0:00:02]} 38. dxc4 {[%emt 0:05:52]} Qb4 {[%emt 0:00:04]} 39. Qd8 {[%emt 0:01:44]} Rf7 {[%emt 0:03:25]} 40. Ne4 {[%emt 0:00:00]} Qxb2 {[%emt 0:00:00]} 41. Re1 {[%emt 0:03:01]} Qa3 {[%emt 0:13:00]} 42. cxb5 {[%emt 0:07:41]} h6 {[%emt 0:10:10]} 43. b6 {[%emt 0:06:27]} Qe3+ {[%emt 0:02:33]} 44. Kf1 {[%emt 0:00:09]} Ne6 {[%emt 0:04:05]} 45. Qe8 {[%emt 0:05:25]} Qxb6 {[%emt 0:00:18]} 46. Rc1 {[%emt 0:03:32]} Rf8 {[%emt 0:03:04]} 47. Qe7+ {[%emt 0:02:04]} Rf7 {[%emt 0:00:03]} 48. Qe8 {[%emt 0:01:15]} Rf8 {[%emt 0:00:05]} 49. Qe7+ {[%emt 0:01:41]} Rf7 {[%emt 0:00:17]} 1/2-1/2

[Event "19th Bangkok Open 2019"]
[Site "Bangkok"]
[Date "2019.04.07"]
[Round "2.2"]
[White "Gustafsson, Jan"]
[Black "Vishwa Vasnawala"]
[Result "1-0"]
[WhiteElo "2633"]
[BlackElo "2018"]
[Annotator "TA"]
[PlyCount "64"]
[EventDate "2019.04.06"]
[EventType "swiss"]
[EventCountry "THA"]
[SourceTitle "playchess.com"]
[Source "ChessBase"]
[SourceQuality "1"]

{[%evp 21,64,16,43,40,44,40,46,47,36,38,47,60,74,76,76,59,83,38,79,47,87,89,157,152,159,56,297,284,281,294,313,268,269,267,571,543,1065,1052,1029,1037,1270,1256,29996,29997,29997]} 1. c4 c5 2. Nf3 Nc6 3. d4 cxd4 4. Nxd4 g6 5. e4 Bg7 6. Nc2 d6 7. Be2 Nf6 8. Nc3 O-O 9. O-O Nd7 10. Bd2 Nc5 11. f3 a5 12. Be3 {B37: Sicilian: Maroczy Bind with 5...Bg7, sidelines} Be6 13. Qd2 a4 14. Na3 {White is slightly better.} Qa5 15. Rfd1 Rfc8 16. Rac1 {[#]} h5 $146 ({Predecessor:} 16... Qb4 17. Bf1 h5 18. Qf2 Kh7 19. Rc2 Qa5 {½-½ (128) Nyback,T (2656)-Durarbayli,V (2510) Aix les Bains 2011}) 17. Bf1 Kh7 18. Kh1 Nb4 19. h3 Bf6 20. Qf2 Bg7 21. Nab5 a3 ({Black should try} 21... Nd7) 22. bxa3 $16 Nba6 {[#]} 23. Bg5 (23. f4 $1 $16) 23... Bh6 $2 (23... Bxc3 $1 $14 24. Rxc3 (24. Nxc3 Nd3 $14) 24... Nc7 25. Nxc7 Qxc7) 24. Bxe7 $18 ({But not} 24. Bxh6 $6 Kxh6 25. f4 f6 $16) 24... Bxc1 25. Rxc1 Na4 26. Nd5 ({Weaker is} 26. Bxd6 Bxc4 27. Qd4 Bxf1 $11) 26... Bxd5 27. exd5 Qb6 $2 (27... Nc7 {is a better chance.}) 28. Qh4 Qxb5 29. cxb5 {[%mdl 64] [#] Discovered Attack} Rxc1 30. Kg1 N6c5 31. Qf4 {[%mdl 64] Double Attack} Nd3 32. Qxf7+ Kh6 {Accuracy: White = 65%, Black = 17%.} 1-0

[Event "19th Bangkok Open 2019"]
[Site "Bangkok"]
[Date "2019.04.07"]
[Round "2.3"]
[White "Nouri, Alekhine"]
[Black "Lalith Babu M R"]
[Result "1/2-1/2"]
[WhiteElo "2001"]
[BlackElo "2577"]
[Annotator "ChessBase"]
[PlyCount "78"]
[EventDate "2019.04.06"]
[EventType "swiss"]
[EventCountry "THA"]
[SourceTitle "playchess.com"]
[Source "ChessBase"]
[SourceQuality "1"]
[TimeControl "40/5400+30:1800+30"]

1. e4 {[%emt 0:00:00]} c6 {[%emt 0:00:00]} 2. d4 {[%emt 0:00:00]} d5 {[%emt 0:00:00]} 3. e5 {[%emt 0:00:00]} Bf5 {[%emt 0:00:00]} 4. Nf3 {[%emt 0:00:17]} e6 {[%emt 0:00:00]} 5. Be2 {[%emt 0:00:06]} Ne7 {[%emt 0:00:00]} 6. O-O {[%emt 0:00:28]} Ng6 {[%emt 0:00:00]} 7. Be3 {[%emt 0:01:28]} Nd7 {[%emt 0:01:38]} 8. Ne1 {[%emt 0:01:37]} h5 {[%emt 0:00:23]} 9. a4 {[%emt 0:00:07]} h4 {[%emt 0:01:58]} 10. a5 {[%emt 0:00:57]} Bb4 {[%emt 0:07:02]} 11. a6 {[%emt 0:01:33]} b6 {[%emt 0:00:27]} 12. h3 {[%emt 0:08:45]} Bf8 {[%emt 0:03:49]} 13. Nd2 {[%emt 0:02:09]} Ne7 {[%emt 0:02:08]} 14. Ndf3 {[%emt 0:07:03]} f6 {[%emt 0:02:55]} 15. Nd3 {[%emt 0:04:59]} Ng6 {[%emt 0:01:14]} 16. Nf4 {[%emt 0:15:24]} fxe5 {[%emt 0:08:51]} 17. Nxg6 {[%emt 0:01:18]} Bxg6 {[%emt 0:00:07]} 18. Ng5 {[%emt 0:01:49]} Qf6 {[%emt 0:02:07]} 19. dxe5 {[%emt 0:11:32]} Nxe5 {[%emt 0:01:32]} 20. Re1 {[%emt 0:03:04]} Bc5 {[%emt 0:15:53]} 21. Bxc5 {[%emt 0:02:20]} bxc5 {[%emt 0:02:49]} 22. f4 {[%emt 0:05:10]} O-O {[%emt 0:03:45]} 23. Nxe6 {[%emt 0:02:57]} Qxe6 {[%emt 0:00:32]} 24. Bg4 {[%emt 0:00:04]} Qf6 {[%emt 0:03:05]} 25. fxe5 {[%emt 0:00:42]} Qf2+ {[%emt 0:05:10]} 26. Kh1 {[%emt 0:00:05]} Bf5 {[%emt 0:01:49]} 27. Rf1 {[%emt 0:14:09]} Bxg4 {[%emt 0:00:18]} 28. Qxg4 {[%emt 0:00:08]} Qxf1+ {[%emt 0:02:02]} 29. Rxf1 {[%emt 0:00:05]} Rxf1+ {[%emt 0:00:04]} 30. Kh2 {[%emt 0:00:04]} Re8 {[%emt 0:00:59]} 31. Qxh4 {[%emt 0:01:36]} Rf7 {[%emt 0:00:51]} 32. Qa4 {[%emt 0:00:33]} Re6 {[%emt 0:02:23]} 33. Qa5 {[%emt 0:01:32]} c4 {[%emt 0:00:29]} 34. Qd8+ {[%emt 0:02:23]} Kh7 {[%emt 0:00:06]} 35. Qh4+ {[%emt 0:00:05]} Rh6 {[%emt 0:01:10]} 36. Qg4 {[%emt 0:00:12]} Re7 {[%emt 0:02:39]} 37. Qf5+ {[%emt 0:01:11]} Kg8 {[%emt 0:00:10]} 38. Qc8+ {[%emt 0:00:07]} Kh7 {[%emt 0:00:50]} 39. Qf5+ {[%emt 0:00:07]} Kg8 {[%emt 0:00:21]} 1/2-1/2

[Event "19th Bangkok Open 2019"]
[Site "Bangkok"]
[Date "2019.04.07"]
[Round "2.4"]
[White "Sengupta, Deep"]
[Black "Bhattacharya, Niladri Shekhar"]
[Result "1-0"]
[WhiteElo "2551"]
[BlackElo "1998"]
[Annotator "ChessBase"]
[PlyCount "71"]
[EventDate "2019.04.06"]
[EventType "swiss"]
[EventCountry "THA"]
[SourceTitle "playchess.com"]
[Source "ChessBase"]
[SourceQuality "1"]
[TimeControl "40/5400+30:1800+30"]

1. d4 {[%emt 0:01:25]} Nf6 {[%emt 0:00:07]} 2. Bg5 {[%emt 0:00:19]} d5 {[%emt 0:00:13]} 3. e3 {[%emt 0:00:45]} c6 {[%emt 0:02:50]} 4. Bd3 {[%emt 0:01:51]} Nbd7 {[%emt 0:00:28]} 5. Nf3 {[%emt 0:00:57]} e6 {[%emt 0:03:20]} 6. Nbd2 {[%emt 0:02:32]} Be7 {[%emt 0:00:17]} 7. c4 {[%emt 0:01:08]} h6 {[%emt 0:03:54]} 8. Bh4 {[%emt 0:00:06]} b6 {[%emt 0:02:21]} 9. Qa4 {[%emt 0:19:53]} Bb7 {[%emt 0:03:35]} 10. cxd5 {[%emt 0:00:08]} exd5 {[%emt 0:02:06]} 11. O-O {[%emt 0:05:15]} O-O {[%emt 0:04:08]} 12. Rac1 {[%emt 0:07:32]} a6 {[%emt 0:11:16]} 13. Bg3 {[%emt 0:04:36]} Nh5 {[%emt 0:07:57]} 14. Be5 {[%emt 0:04:20]} g6 {[%emt 0:14:18]} 15. Rfd1 {[%emt 0:09:33]} Qe8 {[%emt 0:04:40]} 16. Qb3 {[%emt 0:07:37]} c5 {[%emt 0:05:23]} 17. dxc5 {[%emt 0:05:34]} Nxc5 {[%emt 0:00:24]} 18. Qc2 {[%emt 0:00:57]} Rc8 {[%emt 0:01:24]} 19. Be2 {[%emt 0:02:25]} Nd7 {[%emt 0:03:39]} 20. Bc3 {[%emt 0:03:33]} Bf6 {[%emt 0:02:01]} 21. Qb3 {[%emt 0:01:01]} Bxc3 {[%emt 0:03:39]} 22. Rxc3 {[%emt 0:00:06]} Rxc3 {[%emt 0:02:44]} 23. Qxc3 {[%emt 0:00:03]} Nc5 {[%emt 0:01:42]} 24. Qb4 {[%emt 0:01:26]} Qd8 {[%emt 0:07:01]} 25. Nc4 {[%emt 0:08:03]} Nd7 {[%emt 0:03:35]} 26. Nfe5 {[%emt 0:05:17]} Nxe5 {[%emt 0:02:34]} 27. Nxe5 {[%emt 0:00:02]} Nf6 {[%emt 0:00:42]} 28. Nc4 {[%emt 0:01:16]} Bc6 {[%emt 0:03:51]} 29. Bf3 {[%emt 0:02:34]} Qc7 {[%emt 0:01:38]} 30. Nd2 {[%emt 0:01:30]} Bb5 {[%emt 0:01:49]} 31. Qd4 {[%emt 0:00:36]} Qd8 {[%emt 0:01:02]} 32. Nb1 {[%emt 0:01:31]} Bd7 {[%emt 0:00:32]} 33. Nc3 {[%emt 0:00:17]} Re8 {[%emt 0:00:47]} 34. Nxd5 {[%emt 0:00:42]} Nxd5 {[%emt 0:00:11]} 35. Qxd5 {[%emt 0:00:34]} Re7 {[%emt 0:00:45]} 36. Bg4 {[%emt 0:00:14]} 1-0

[Event "19th Bangkok Open 2019"]
[Site "Bangkok"]
[Date "2019.04.07"]
[Round "2.5"]
[White "Goh, Zi Han"]
[Black "Zhao, Zong-Yuan"]
[Result "0-1"]
[WhiteElo "1992"]
[BlackElo "2529"]
[Annotator "ChessBase"]
[PlyCount "84"]
[EventDate "2019.04.06"]
[EventType "swiss"]
[EventCountry "THA"]
[SourceTitle "playchess.com"]
[Source "ChessBase"]
[SourceQuality "1"]
[TimeControl "40/5400+30:1800+30"]

1. d4 {[%emt 0:00:00]} d5 {[%emt 0:00:00]} 2. c4 {[%emt 0:00:18]} e6 {[%emt 0:00:00]} 3. Nc3 {[%emt 0:00:18]} c6 {[%emt 0:00:00]} 4. Nf3 {[%emt 0:00:38]} dxc4 {[%emt 0:00:00]} 5. a4 {[%emt 0:00:20]} Bb4 {[%emt 0:00:20]} 6. e4 {[%emt 0:01:50]} b5 {[%emt 0:00:39]} 7. Be2 {[%emt 0:02:11]} Bb7 {[%emt 0:03:52]} 8. O-O {[%emt 0:01:28]} a6 {[%emt 0:00:03]} 9. Qc2 {[%emt 0:07:36]} Ne7 {[%emt 0:03:19]} 10. b3 {[%emt 0:08:58]} cxb3 {[%emt 0:09:27]} 11. Qxb3 {[%emt 0:00:27]} Bd6 {[%emt 0:00:06]} 12. e5 {[%emt 0:04:39]} Bc7 {[%emt 0:00:25]} 13. Ba3 {[%emt 0:00:46]} O-O {[%emt 0:02:37]} 14. Ne4 {[%emt 0:05:42]} c5 {[%emt 0:06:46]} 15. Nxc5 {[%emt 0:02:40]} Bd5 {[%emt 0:01:14]} 16. Qc2 {[%emt 0:07:23]} Nbc6 {[%emt 0:01:41]} 17. Nb7 {[%emt 0:10:31]} Qb8 {[%emt 0:08:38]} 18. Bxe7 {[%emt 0:03:05]} Nxe7 {[%emt 0:07:56]} 19. Nc5 {[%emt 0:01:21]} Rc8 {[%emt 0:05:33]} 20. axb5 {[%emt 0:06:48]} axb5 {[%emt 0:00:22]} 21. Rxa8 {[%emt 0:01:49]} Qxa8 {[%emt 0:01:49]} 22. Qb2 {[%emt 0:01:38]} Bc6 {[%emt 0:09:42]} 23. Ra1 {[%emt 0:04:03]} Qb8 {[%emt 0:00:10]} 24. Nd2 {[%emt 0:03:29]} Bb6 {[%emt 0:11:20]} 25. Ndb3 {[%emt 0:01:51]} Nf5 {[%emt 0:05:26]} 26. Bd3 {[%emt 0:05:56]} Nh4 {[%emt 0:02:45]} 27. Bf1 {[%emt 0:01:54]} h6 {[%emt 0:01:24]} 28. Qd2 {[%emt 0:01:53]} Qc7 {[%emt 0:03:00]} 29. Qf4 {[%emt 0:02:23]} Qe7 {[%emt 0:01:40]} 30. Ra6 {[%emt 0:01:21]} Rb8 {[%emt 0:00:52]} 31. f3 {[%emt 0:01:59]} Bd5 {[%emt 0:02:04]} 32. Kh1 {[%emt 0:04:13]} b4 {[%emt 0:02:13]} 33. Qd2 {[%emt 0:01:49]} Bxc5 {[%emt 0:02:30]} 34. Nxc5 {[%emt 0:00:02]} b3 {[%emt 0:00:24]} 35. Qb2 {[%emt 0:02:29]} Nf5 {[%emt 0:02:41]} 36. Bd3 {[%emt 0:01:40]} Qh4 {[%emt 0:00:43]} 37. Ra1 {[%emt 0:01:18]} Qxd4 {[%emt 0:02:38]} 38. Qxd4 {[%emt 0:01:19]} Nxd4 {[%emt 0:00:02]} 39. Nd7 {[%emt 0:00:51]} b2 {[%emt 0:01:04]} 40. Rb1 {[%emt 0:00:00]} Rb3 {[%emt 0:00:00]} 41. Nc5 {[%emt 0:02:59]} Rc3 {[%emt 0:03:07]} 42. Rxb2 {[%emt 0:00:25]} Rc1+ {[%emt 0:00:06]} 0-1

[Event "19th Bangkok Open 2019"]
[Site "Bangkok"]
[Date "2019.04.07"]
[Round "2.6"]
[White "Stella, Andrea"]
[Black "Mohd Saprin, Amir Ghaazi"]
[Result "1-0"]
[WhiteElo "2512"]
[BlackElo "1971"]
[Annotator "ChessBase"]
[PlyCount "101"]
[EventDate "2019.04.06"]
[EventType "swiss"]
[EventCountry "THA"]
[SourceTitle "playchess.com"]
[Source "ChessBase"]
[SourceQuality "1"]
[TimeControl "40/5400+30:1800+30"]

1. d4 {[%emt 0:03:19]} Nf6 {[%emt 0:00:00]} 2. c4 {[%emt 0:00:05]} c5 {[%emt 0:00:00]} 3. d5 {[%emt 0:00:05]} b5 {[%emt 0:00:00]} 4. cxb5 {[%emt 0:00:04]} a6 {[%emt 0:00:13]} 5. e3 {[%emt 0:00:13]} axb5 {[%emt 0:00:18]} 6. Bxb5 {[%emt 0:00:03]} Qa5+ {[%emt 0:00:31]} 7. Nc3 {[%emt 0:00:04]} Bb7 {[%emt 0:00:23]} 8. Bd2 {[%emt 0:00:40]} Qb6 {[%emt 0:01:14]} 9. Nf3 {[%emt 0:00:11]} Nxd5 {[%emt 0:01:59]} 10. a4 {[%emt 0:00:17]} e6 {[%emt 0:07:23]} 11. O-O {[%emt 0:02:05]} Be7 {[%emt 0:01:57]} 12. e4 {[%emt 0:00:07]} Nxc3 {[%emt 0:08:58]} 13. Bxc3 {[%emt 0:00:04]} Bxe4 {[%emt 0:04:04]} 14. Ne5 {[%emt 0:06:47]} Qb7 {[%emt 0:21:05]} 15. Qg4 {[%emt 0:13:15]} f6 {[%emt 0:27:49]} 16. Qxg7 {[%emt 0:27:53]} Rf8 {[%emt 0:00:10]} 17. f3 {[%emt 0:01:18]} Bf5 {[%emt 0:09:44]} 18. Nc4 {[%emt 0:02:35]} Rf7 {[%emt 0:00:55]} 19. Qg8+ {[%emt 0:03:38]} Rf8 {[%emt 0:00:25]} 20. Qg3 {[%emt 0:00:02]} Bd3 {[%emt 0:05:00]} 21. Na5 {[%emt 0:06:59]} Qb6 {[%emt 0:00:22]} 22. Bxd3 {[%emt 0:08:31]} c4+ {[%emt 0:00:06]} 23. Kh1 {[%emt 0:00:01]} cxd3 {[%emt 0:00:10]} 24. Rfd1 {[%emt 0:02:04]} Nc6 {[%emt 0:01:26]} 25. Nxc6 {[%emt 0:00:11]} Qxc6 {[%emt 0:00:17]} 26. a5 {[%emt 0:01:23]} Qc4 {[%emt 0:01:13]} 27. f4 {[%emt 0:03:15]} Bb4 {[%emt 0:01:55]} 28. Bxb4 {[%emt 0:01:06]} Qxb4 {[%emt 0:00:06]} 29. Qxd3 {[%emt 0:00:04]} Rf7 {[%emt 0:00:19]} 30. f5 {[%emt 0:00:27]} Qxb2 {[%emt 0:04:08]} 31. fxe6 {[%emt 0:01:42]} dxe6 {[%emt 0:00:05]} 32. Qd6 {[%emt 0:02:50]} Qb7 {[%emt 0:01:55]} 33. Qxe6+ {[%emt 0:00:10]} Kf8 {[%emt 0:00:06]} 34. a6 {[%emt 0:00:48]} Qe7 {[%emt 0:00:49]} 35. Qd5 {[%emt 0:02:36]} Ra7 {[%emt 0:00:19]} 36. h3 {[%emt 0:02:38]} Kg7 {[%emt 0:00:14]} 37. Qd3 {[%emt 0:02:14]} Qe5 {[%emt 0:00:57]} 38. Re1 {[%emt 0:00:32]} Qc7 {[%emt 0:00:25]} 39. Re8 {[%emt 0:01:57]} Re7 {[%emt 0:01:43]} 40. Rxe7+ {[%emt 0:00:00]} Qxe7 {[%emt 0:00:00]} 41. Qg3+ {[%emt 0:03:03]} Kf7 {[%emt 0:03:10]} 42. Qb8 {[%emt 0:02:17]} Kg6 {[%emt 0:01:39]} 43. Qg8+ {[%emt 0:05:26]} Qg7 {[%emt 0:09:43]} 44. Qd8 {[%emt 0:03:11]} Qf7 {[%emt 0:01:20]} 45. Ra3 {[%emt 0:01:11]} h6 {[%emt 0:01:33]} 46. Qh8 {[%emt 0:00:52]} Qe6 {[%emt 0:03:21]} 47. Qd8 {[%emt 0:15:14]} Qe1+ {[%emt 0:12:14]} 48. Kh2 {[%emt 0:00:24]} Qe5+ {[%emt 0:01:41]} 49. Rg3+ {[%emt 0:00:52]} Kf5 {[%emt 0:00:30]} 50. Qc8+ {[%emt 0:01:01]} Ke4 {[%emt 0:00:35]} 51. Qc4+ {[%emt 0:00:16] Kd5 [%clk 0:00:00]} 1-0

[Event "19th Bangkok Open 2019"]
[Site "Bangkok"]
[Date "2019.04.07"]
[Round "2.7"]
[White "Sarbojit Paul"]
[Black "Karthik Venkataraman"]
[Result "0-1"]
[WhiteElo "1984"]
[BlackElo "2505"]
[Annotator "TA"]
[PlyCount "60"]
[EventDate "2019.04.06"]
[EventType "swiss"]
[EventCountry "THA"]
[SourceTitle "playchess.com"]
[Source "ChessBase"]
[SourceQuality "1"]

{[%evp 26,60,-21,-11,14,10,14,15,11,10,10,15,10,10,22,-2,0,-69,-69,-62,-64,-62,-67,-68,-69,-69,-71,-90,-79,-110,-99,-404,-387,-5581,-482,-970,-937]} 1. e4 g6 2. d4 Bg7 3. Nc3 d6 4. f4 Nf6 5. Nf3 O-O 6. Bd3 Nc6 7. e5 dxe5 8. dxe5 Nd5 9. Nxd5 Qxd5 10. Qe2 Bg4 11. Be4 Qa5+ 12. Bd2 {B09: Pirc Defence: Austrian Attack} Qb6 13. Bc3 (13. O-O-O Nd4 14. Qd3 Rfd8 15. Qa3 Bxf3 16. Bxf3 Nxf3 17. Qxf3 c6 18. Kb1 Qb5 19. Bc1 Rd5 {1-0 (35) Goryachkina,A (2496)-Rozum,I (2581) Sochi 2018}) 13... Rad8 14. Qf2 {LiveBook: 4 Games. The position is equal.} Qa6 15. Bd3 $146 ({Predecessor:} 15. Bxc6 bxc6 16. h3 Bc8 17. Qe3 Rd5 18. Kf2 Rfd8 19. Rhe1 c5 {½-½ (38) Christodoulou,M-Kleopas,G Cyprus 1989}) 15... Qa4 16. b3 Qa3 17. Nd2 Nb4 18. Be4 Be6 19. O-O {Nb1 is the strong threat.} Nd5 20. Nc4 Qa6 $36 {[%mdl 2048] Black fights for an advantage.} 21. Bb2 {[#]} ({White should try} 21. Bd2 $11) 21... Nxf4 $1 $15 {[%mdl 512]} 22. Qxf4 Bxc4 23. Bxb7 Qb6+ 24. Rf2 Bxb3 25. axb3 {Black must now prevent Bf3.} Qxb7 26. Qh4 Qb6 27. Raf1 Rd2 28. Qc4 $2 {[%mdl 8192] [#]} (28. Kh1 $17 Rxf2 29. Qxf2) 28... Bh6 $1 $19 {[%cal Rh6e3]} 29. e6 $2 (29. Bc3 Rxf2 30. Rxf2) 29... f6 (29... fxe6 $142 {[%cal Rf8f2]} 30. Bd4 Rxd4 31. Rxf8+ Bxf8 32. Qxd4 Qxd4+ 33. Kh1 Qb2) 30. Ba3 (30. Bc3 $142 Rxf2 31. Rxf2) 30... Rxf2 {Precision: White = 47%, Black = 74%.} 0-1